000 00502nam a22001937a 4500
003 BD-DhUIB
005 20260518155322.0
008 260518b |||||||| |||| 00| 0 eng d
020 _a9780262538244
040 _aBD-DhUIB
_cBD-DhUIB
082 _222
100 _aIto Takatoshi.
_91120
245 _aJapanese economy/
_cTakatoshi Ito and Takeo Hoshi.
250 _a2nd ed.
260 _aLondon.
_bThe MIT press.
_cC2020
300 _axxiv,585p. :
_billus. ;
_c24cm.
526 _aMBA
942 _2ddc
_cBK
999 _c708
_d708